South Eastern Kenya University

Library Online Public Access Catalogue


After the crash : (Record no. 6405)

MARC details
000 -LEADER
fixed length control field 01027cam a22002894a 4500
001 - CONTROL NUMBER
control field 13222385
003 - CONTROL NUMBER IDENTIFIER
control field OSt
005 - DATE AND TIME OF LATEST TRANSACTION
control field 20150720144055.0
008 - FIXED-LENGTH DATA ELEMENTS--GENERAL INFORMATION
fixed length control field 030603s2004 dcua b 001 0 eng
010 ## - LIBRARY OF CONGRESS CONTROL NUMBER
LC control number 2003052466
020 ## - INTERNATIONAL STANDARD BOOK NUMBER
International Standard Book Number 1591470706
040 ## - CATALOGING SOURCE
Original cataloging agency SEKU
042 ## - AUTHENTICATION CODE
Authentication code pcc
050 00 - LIBRARY OF CONGRESS CALL NUMBER
Classification number RC 1045.P7
Item number B5 2004
100 1# - MAIN ENTRY--PERSONAL NAME
Personal name Blanchard, Edward B.
245 10 - TITLE STATEMENT
Title After the crash :
Remainder of title psychological assessment and treatment of survivors of motor vehicle accidents /
Statement of responsibility, etc. Edward B. Blanchard and Edward J. Hickling.
250 ## - EDITION STATEMENT
Edition statement 2nd ed.
260 ## - PUBLICATION, DISTRIBUTION, ETC. (IMPRINT)
Place of publication, distribution, etc. Washington, DC :
Name of publisher, distributor, etc. American Psychological Association,
Date of publication, distribution, etc. c2004.
300 ## - PHYSICAL DESCRIPTION
Extent xvii, 475 p. :
Other physical details ill. ;
Dimensions 26 cm.
504 ## - BIBLIOGRAPHY, ETC. NOTE
Bibliography, etc Includes bibliographical references (p. 437-455) and indexes.
650 #0 - SUBJECT ADDED ENTRY--TOPICAL TERM
Topical term or geographic name as entry element Traffic accident victims.
650 #0 - SUBJECT ADDED ENTRY--TOPICAL TERM
Topical term or geographic name as entry element Traffic accidents
General subdivision Psychological aspects.
650 #0 - SUBJECT ADDED ENTRY--TOPICAL TERM
Topical term or geographic name as entry element Post-traumatic stress disorder.
700 1# - ADDED ENTRY--PERSONAL NAME
Personal name Hickling, Edward J.
856 41 - ELECTRONIC LOCATION AND ACCESS
Materials specified Table of contents
Uniform Resource Identifier <a href="http://www.loc.gov/catdir/toc/fy043/2003052466.html">http://www.loc.gov/catdir/toc/fy043/2003052466.html</a>
942 ## - ADDED ENTRY ELEMENTS (KOHA)
Source of classification or shelving scheme Library of Congress Classification
Koha item type General circulation
Holdings
Withdrawn status Lost status Source of classification or shelving scheme Damaged status Not for loan Home library Current library Shelving location Date acquired Source of acquisition Total Checkouts Full call number Barcode Date last seen Price effective from Koha item type Public note
    Library of Congress Classification     Main Campus Library Main Campus Library General Stacks 20/07/2015 Donation-Books for Africa   RC 1045.P7 B5 2004 2015/003750 20/07/2015 20/07/2015 General circulation amk
Kitui, Kenya.
+254736116989
library@seku.ac.ke